000 01301cam a2200133 4500500
005 20251214001512.0
041 _afre
042 _adc
100 1 0 _aGéré, François
_eauthor
245 0 0 _aDictionnaire de la désinformation
260 _bArmand Colin,
_c2011.
520 _aDésinformation. Le mot sent le soufre, attisant tous les fantasmes, des plus archaïques aux plus contemporains. En une vingtaine d’années, l’usage de ce terme qui jusqu’alors se limitait aux spécialistes du renseignement et de la propagande a connu un développement exceptionnel lié aux médias de masse puis aux nouveaux vecteurs de communication (Internet, Facebook, etc.). Il est désormais courant d’invoquer la désinformation pour s’en déclarer victime et rejeter sur l’adversaire la responsabilité d’une manœuvre occulte, par définition invérifiable, sauf accident. Dans tous les domaines stratégiques (politiques, militaires, économiques) la désinformation s’est insinuée, troublant l’esprit public, sapant les bases de la démocratie qui, pour survivre, doit rapidement réaffirmer et consolider le rôle de l’information et la valeur du savoir.
856 4 1 _uhttps://shs.cairn.info/dictionnaire-de-la-desinformation--9782200257729?lang=fr&redirect-ssocas=7080
999 _c1566225
_d1566225